Physiker A-Z - Statistiken

Allgemein
  • Dieses Quiz wurde 5.811 mal gespielt
    4.583 seit der letzten Aktualisierung
  • Das Durchschnittsergebnis liegt bei 10 aus 25
Antwortstatistiken
# Hinweis Physiker % Korrekt
E Entwickelte die spezielle und allgemeine Relativitätstheorie Albert Einstein
98%
C Zweifache Nobelpreisträgerin, die die Radioaktivität untersuchte und radioaktive Elemente entdeckte Marie Curie
87%
N Entdecker der Schwerkraft und Differentialrechnung, drei Axiome der Mechanik Isaac Newton
85%
O "Vater der Atombombe", wissenschaftlicher Leiter des Manhattan-Programms Robert Oppenheimer
76%
B Entwickler des ersten quantenphysikalischen Atommodells mit Atomorbitalen Niels Bohr
66%
J Untersuchte die thermische Energie, eine Einheit der Energie ist nach ihm benannt James Prescott Joule
65%
G Entdecker der Jupitermonde, untersuchte den freien Fall, wichtiger Heliozentriker, entwickelte Fernrohr weiter Galileo Galilei
63%
S Entwickelte eine Formel zum Verhalten von Quanten, Gedankenexperiment mit Katze in Box Erwin Schrödinger
59%
H Postulierte die Unschärferelation, vermutlich nicht ins Crystal Meth Geschäft verstrickt Werner Heisenberg
56%
F Erfinder des stromabschirmenden Käfigs und des Wechselstromgenerators Michael Faraday
55%
A Antiker Entdecker des Verdrängungsprinzips und der Hebelgesetze Archimedes
49%
K Untersuchte die Planetenorbitale und zeigte, dass diese ellipsenförmig sind Johannes Kepler
44%
P Begründer der Quantenphysik, Entdecker des Wirkumsquantums, untersuchte die Wärmestrahlung Max Planck
42%
D Entdecker des Phänomens, dass Wellen für einen Beobachter ihre Frequenz ändern, wenn ihr Sender auf den Beobachter zukommt oder sich entfernt Christian Doppler
38%
R Entdecker des Atomkerns Ernest Rutherford
36%
V Erfinder der Batterie und Begründer der Elektrizitätslehre Alessandro Volta
32%
M Beschrieb mit vier Gleichungen den Elektromagnetismus James Clerk Maxwell
21%
T Entdecker des Elektrons mit Hilfe einer Kathodenstrahlröhre Joseph John Thomson
7%
Y Entwickelte das Doppelspaltexperiment, welches die Wellennatur des Lichtes bewies Thomas Young
6%
Z Namensgeber des Phänomens, dass sich Spektrallinien innerhalb eines Magnetfeldes aufspalten Pieter Zeeman
5%
I Entwickelte ein theoretisches Gittermodell, mit dem der Ferromagnetismus erklärt werden kann Ernst Ising
4%
L Russischer Quantenphysiker, welcher unter anderem die Aufspaltung von Quanten-Energie-Niveaus in Magnetfeldern untersuchte und zusammen mit Jewgeni Lifschiz Lifschiz ein einflussreiches Lehrbuch der theoretischen Physik schrieb Lew Landau
4%
Q Einer der Entdecker des Exoplaneten Dimidium (51 Pegasi b), bekam dafür den Nobelpreis Didier Queloz
2%
U Entdeckte, dass aktive Galaxienkerne Schwarze Löcher sind, ehemalige Präsidentin der American Astronomical Society Megan Urry
2%
W Vereinigte die elektromagnetische und schwache Kernkraft zur elektroschwachen Kraft Steven Weinberg
2%
Keine übereinstimmenden Quizze gefunden
Verteilung der Resultate
Anzahl Personen mit jedem Resultat
Perzentil nach korrekt beantworteten Fragen
Ihre Resultats-Entwicklung
Sie haben dieses Quiz seit der letzten Aktualisierung nicht gespielt